000 00368 a2200109 4500
001 ART_5549
005 20260410161827.0
008 260409a
245 1 0 _aAlgunos componentes de la demanda de dinero para el partido de Bahía Blanca
100 1 _aRomanelli, Rodolfo
773 0 _tEstudios Económicos
_g- Vol. 2, Nº 3/4 (ene./dic. 1983)
_wREV5080
999 _c22906
_d22906